| 000 | 00832nam a2200205Ia 4500 | ||
|---|---|---|---|
| 003 | Ost | ||
| 005 | 20260507075123.0 | ||
| 008 | 260507s9999||||xx |||||||||||||| ||und|| | ||
| 020 | _a3106358977 | ||
| 040 | _cfsecg | ||
| 041 | _aara | ||
| 082 | _a330 | ||
| 100 |
_aدودج، إيان _eمؤلف |
||
| 245 | 0 |
_aالإدارة الإلكترونية : _be-Management / _c إيان دودج |
|
| 260 |
_aالقاهرة: _bدار الفجر, _c2006 |
||
| 300 |
_a284 صفحة؛ _c24 سم |
||
| 520 | _aتعريف الأعمال التجارية الإليكترونية ومضامينها وكيف تؤثر e-Businessعلى مدير IT وتقديم نموذج للأعمال التجارية الإليكترونية | ||
| 653 | _aالأعمال التجارية الإلكترونية،e-Busines،مديرIT | ||
| 942 | _cكتاب | ||
| 999 |
_c43099 _d43099 |
||